| 000 | 00500nam a2200181Ia 4500 | ||
|---|---|---|---|
| 008 | 230524s9999 xx 000 0 und d | ||
| 020 | _a9788131715529 | ||
| 082 |
_a519.24 _bWAL |
||
| 100 | _aRonald E.Walpole | ||
| 245 | 0 | _a"Probability,Statistics for Engineers & Scientists" | |
| 250 | _a8TH | ||
| 260 |
_aNEW DELHI _bPearson _c2009 |
||
| 300 | _aXX;840 | ||
| 500 | _aQuantity Number: 30 | ||
| 650 | _aMathematics | ||
| 700 | _a" Raymond H.Myers, Sharon L.Myers , Keying Ye,," | ||
| 942 | _cBK | ||
| 999 |
_c47014 _d47014 |
||